000 00462 a2200157 4500
003 NUST
005 20230221185956.0
040 _cNust
082 _a297.4,NAD
100 _aNadwi, Maulana Syed Abul hasan ali
_9109408
245 _aHusn-e-MuaShrat / حسن معاشرت (Urdu) /
_cMaulana Syed Abul hasan ali nadwi
260 _aKarachi
_bMijles-e-Nishreite Islam
300 _a103:p.
650 _aRelationship, Manners
_9109409
942 _2ddc
_cBK
_k297.4,NAD
999 _c188021
_d188021